[Event "Sunningdale e2e4 op U1800 05"]
[Site "Sunningdale"]
[Date "2013.05.27"]
[Round "6"]
[White "Cox, Reginald E"]
[Black "Gergelova, Monika"]
[Result "1/2-1/2"]
[WhiteElo "1329"]
[BlackElo "1313"]
[PlyCount "88"]
[EventDate "2013.05.25"]
[EventType "swiss"]
[EventRounds "7"]
[EventCountry "ENG"]
[SourceTitle "EXT 2014"]
[Source "ChessBase"]
[SourceDate "2013.11.20"]
[SourceVersion "1"]
[SourceVersionDate "2013.11.20"]
[SourceQuality "1"]

1. Nf3 Nc6 2. d4 Nf6 3. Nc3 d5 4. h3 Bf5 5. a3 h6 6. Bf4 e6 7. Nb5 Bd6 8. Nxd6+ cxd6 9. e3 0-0 10. Bd3 Ne4 11. Bxe4 Bxe4 12. Rg1 e5 13. dxe5 dxe5 14. Nxe5 Nxe5 15. Bxe5 Qh4 16. Bg3 Qf6 17. Qd4 Qc6 18. c3 b6 19. Be5 f6 20. Bf4 Rad8 21. f3 Bc2 22. Kd2 Bb3 23. g4 g5 24. Bg3 Rd7 25. Qd3 Qc4 26. Qxc4 dxc4+ 27. Ke2 Rfd8 28. h4 Rd2+ 29. Kf1 Rxb2 30. hxg5 hxg5 31. Rh1 Kg7 32. Rh2 Rxh2 33. Bxh2 Rd2 34. Bg3 Rd3 35. Rc1 Rxe3 36. Kf2 Rd3 37. Ke2 Kf7 38. Bf2 Ke6 39. Re1 Kd5 40. Bd4 Ke6 41. Kf2+ Kf7 42. Re3 Rd2+ 43. Re2 Rd1 44. Re1 Rd2+ 1/2-1/2

[Event "Sunningdale e2e4 op U1800 05"]
[Site "Sunningdale"]
[Date "2013.05.25"]
[Round "2"]
[White "Cox, Reginald E"]
[Black "Chellappah, Kuhan"]
[Result "0-1"]
[WhiteElo "1329"]
[BlackElo "1605"]
[PlyCount "72"]
[EventDate "2013.05.25"]
[EventType "swiss"]
[EventRounds "7"]
[EventCountry "ENG"]
[SourceTitle "EXT 2014"]
[Source "ChessBase"]
[SourceDate "2013.11.20"]
[SourceVersion "1"]
[SourceVersionDate "2013.11.20"]
[SourceQuality "1"]

1. e4 e5 2. Nf3 Nf6 3. Nc3 Bb4 4. d3 d6 5. Bd2 Nc6 6. a3 Ba5 7. h3 h6 8. Be2 Be6 9. 0-0 0-0 10. b4 Bb6 11. Na4 Re8 12. Nxb6 axb6 13. c3 d5 14. exd5 Qxd5 15. c4 Qd6 16. Qc1 Nd4 17. Nxd4 exd4 18. Bf4 Qe7 19. Bf3 c6 20. Re1 Qd7 21. Be5 Nh7 22. Bf4 Bf5 23. Be4 Bxe4 24. dxe4 Nf8 25. e5 c5 26. b5 Ne6 27. Bg3 d3 28. Qd2 Qd4 29. Red1 Red8 30. Rdc1 Ra4 31. Qc3 d2 32. Qb3 dxc1Q+ 33. Rxc1 Raa8 34. Kh2 Qd2 35. Rf1 Qd3 36. Qa2 Qxf1 0-1

[Event "Guernsey Holiday op"]
[Site "Guernsey"]
[Date "2011.10.17"]
[Round "2"]
[White "Cox, Reginald E"]
[Black "Savident, David B"]
[Result "0-1"]
[WhiteElo "1312"]
[BlackElo "1590"]
[PlyCount "86"]
[EventDate "2011.10.16"]
[EventType "swiss"]
[EventRounds "7"]
[EventCountry "GCI"]
[SourceTitle "EXT 2015"]
[Source "ChessBase"]
[SourceDate "2014.11.20"]
[SourceVersion "1"]
[SourceVersionDate "2014.11.20"]
[SourceQuality "1"]

1. e4 Nf6 2. Nc3 e6 3. d3 d5 4. e5 Nfd7 5. Nf3 c5 6. d4 Nc6 7. Bf4 cxd4 8. Nxd4 Ndxe5 9. Nxc6 Nxc6 10. Bb5 Bd7 11. 0-0 Be7 12. Re1 a6 13. Bxc6 Bxc6 14. a3 Qd7 15. Qg4 g6 16. Be5 h5 17. Qe2 Rg8 18. Rad1 0-0-0 19. Ne4 f5 20. Nc3 Rde8 21. Qe3 Bd6 22. Qa7 Bxe5 23. Rxe5 g5 24. Qc5 Kb8 25. b3 Qc7 26. Rde1 Bd7 27. Qxc7+ Kxc7 28. Ne2 h4 29. h3 g4 30. Nf4 Kd6 31. R5e3 gxh3 32. Rxh3 Rg4 33. g3 Reg8 34. Kh2 hxg3+ 35. fxg3 Rc8 36. Re2 Rc3 37. Nd3 Bb5 38. Rd2 Bxd3 39. cxd3 Rxb3 40. a4 Rxa4 41. Rh5 Rab4 42. Kh3 Rb2 43. Rxb2 Rxb2 0-1

[Event "Guernsey Holiday op"]
[Site "Guernsey"]
[Date "2010.10.23"]
[Round "7"]
[White "Foster, Paul"]
[Black "Cox, Reginald E"]
[Result "1-0"]
[WhiteElo "1568"]
[BlackElo "1304"]
[PlyCount "113"]
[EventDate "2010.10.17"]
[EventType "swiss"]
[EventRounds "7"]
[EventCountry "GCI"]
[SourceTitle "EXT 2013"]
[Source "ChessBase"]
[SourceDate "2012.11.22"]
[SourceVersion "1"]
[SourceVersionDate "2012.11.22"]
[SourceQuality "1"]

1. e4 c5 2. f4 Nc6 3. Nf3 d6 4. Bc4 e6 5. 0-0 Nf6 6. Nc3 Be7 7. d4 Nxe4 8. Nxe4 d5 9. Bxd5 exd5 10. Nxc5 0-0 11. Nd3 Bg4 12. Nde5 Nxe5 13. fxe5 f6 14. h3 Bxf3 15. Rxf3 fxe5 16. dxe5 Bc5+ 17. Kh2 d4 18. Rxf8+ Qxf8 19. Qf3 b6 20. Bf4 Rd8 21. Rd1 Kh8 22. a3 a5 23. Bg3 Qe8 24. Rf1 Qd7 25. Bh4 Re8 26. Qe4 Kg8 27. g4 Rxe5 28. Qd3 Re3 29. Qc4+ Kh8 30. Bg3 Qe8 31. Rf2 d3 32. Rg2 Rxg3 33. Kxg3 Bd6+ 34. Kf3 Qf8+ 35. Ke3 Bc5+ 36. Kd2 dxc2 37. Kxc2 Qf3 38. Qe2 Qc6 39. Kb1 Qg6+ 40. Qc2 Qe6 41. Re2 Qd7 42. Qc4 h6 43. Qe6 Qxe6 44. Rxe6 Kh7 45. a4 Bd4 46. Kc2 Kg8 47. b3 Kf7 48. Rc6 Bf2 49. Kd3 Ke7 50. Kc4 Kd7 51. Rg6 Ke7 52. Rxg7+ Kf6 53. Rg8 Kf7 54. Rb8 Be3 55. Kb5 Ke7 56. Rxb6 Bxb6 57. Kxb6 1-0

[Event "Guernsey Holiday op"]
[Site "Guernsey"]
[Date "2009.10.21"]
[Round "4"]
[White "Herschmann, Heinz"]
[Black "Cox, Reginald E"]
[Result "1/2-1/2"]
[WhiteElo "1562"]
[BlackElo "1402"]
[PlyCount "83"]
[EventDate "2009.10.18"]
[EventType "swiss"]
[EventRounds "7"]
[EventCountry "GCI"]
[SourceTitle "EXT 2015"]
[Source "ChessBase"]
[SourceDate "2014.11.20"]
[SourceVersion "1"]
[SourceVersionDate "2014.11.20"]
[SourceQuality "1"]

1. e4 c5 2. Nf3 Nc6 3. d4 cxd4 4. Nxd4 Nf6 5. Nxc6 bxc6 6. Bd3 e5 7. 0-0 Be7 8. Be3 0-0 9. f3 d6 10. Nd2 d5 11. exd5 cxd5 12. Nb3 d4 13. Bd2 a5 14. Re1 a4 15. Nc1 Bd6 16. Be4 Nxe4 17. fxe4 Qb6 18. Nd3 Ba6 19. b3 Bxd3 20. cxd3 Qa6 21. Qb1 Rfb8 22. b4 Rb7 23. a3 Rc7 24. Rd1 Rac8 25. Rc1 Rxc1+ 26. Bxc1 Rc3 27. b5 Qb6 28. Bd2 Rb3 29. Qc2 Qxb5 30. Qc8+ Bf8 31. Bb4 Rxb4 32. axb4 Qxb4 33. Qc4 a3 34. Qxb4 Bxb4 35. Kf2 f6 36. Ke2 g5 37. Kd1 h5 38. Kc2 Kf7 39. Kb3 Bd6 40. h3 Kg6 41. Rf1 Be7 42. g4 1/2-1/2

[Event "Guernsey Holiday op"]
[Site "Guernsey"]
[Date "2009.10.19"]
[Round "2"]
[White "Cox, Reginald E"]
[Black "Kirk, Matthew"]
[Result "0-1"]
[WhiteElo "1402"]
[BlackElo "1541"]
[PlyCount "64"]
[EventDate "2009.10.18"]
[EventType "swiss"]
[EventRounds "7"]
[EventCountry "GCI"]
[SourceTitle "EXT 2015"]
[Source "ChessBase"]
[SourceDate "2014.11.20"]
[SourceVersion "1"]
[SourceVersionDate "2014.11.20"]
[SourceQuality "1"]

1. e4 c6 2. Bc4 d5 3. exd5 cxd5 4. Bb3 e5 5. d3 Nf6 6. Nc3 Bb4 7. Bd2 0-0 8. Nge2 Nc6 9. 0-0 Bc5 10. h3 a5 11. a4 Re8 12. Re1 Be6 13. Ng3 Qb6 14. Rf1 d4 15. Bxe6 dxc3 16. Bxf7+ Kxf7 17. Bxc3 Rad8 18. Qf3 Nd4 19. Bxd4 Bxd4 20. c3 Bc5 21. Ne4 Re7 22. Ng5+ Kg8 23. Rab1 Qc6 24. Qe2 h6 25. Ne4 Nxe4 26. dxe4 Rf7 27. Rbc1 Rdf8 28. b4 axb4 29. cxb4 Bxf2+ 30. Kh1 Bg3 31. Rf5 Qxc1+ 32. Rf1 Qxf1+ 0-1

[Event "Gibraltar Challengers-B"]
[Site "Gibraltar"]
[Date "2009.02.02"]
[Round "2"]
[White "Poggio, Freddie"]
[Black "Cox, Reginald E"]
[Result "1-0"]
[WhiteElo "1544"]
[BlackElo "1088"]
[PlyCount "49"]
[EventDate "2009.02.01"]
[EventType "swiss"]
[EventRounds "5"]
[EventCountry "ENG"]
[SourceTitle "EXT 2012"]
[Source "ChessBase"]
[SourceDate "2011.11.24"]
[SourceVersion "1"]
[SourceVersionDate "2011.11.24"]
[SourceQuality "1"]

1. Nf3 Nf6 2. d4 d5 3. c3 e6 4. Bg5 h6 5. Bh4 Be7 6. Nbd2 0-0 7. Bxf6 Bxf6 8. e4 Nc6 9. e5 Bg5 10. h4 Be7 11. Bd3 f5 12. Qc2 Qe8 13. g4 fxg4 14. Bg6 Qd8 15. Nh2 Bxh4 16. 0-0-0 g3 17. fxg3 Bxg3 18. Nhf3 Bf4 19. Kb1 Bxd2 20. Nxd2 Bd7 21. Rdg1 Be8 22. Rxh6 Qe7 23. Bxe8 Raxe8 24. Qh7+ Kf7 25. Qxg7# 1-0

[Event "Beacon Seniors op"]
[Site "Exmouth"]
[Date "2008.11.21"]
[Round "5"]
[White "Kaye, Michael J"]
[Black "Cox, Reginald E"]
[Result "0-1"]
[WhiteElo "1384"]
[BlackElo "1088"]
[PlyCount "118"]
[EventDate "2008.11.17"]
[EventType "swiss"]
[EventRounds "5"]
[EventCountry "ENG"]
[SourceTitle "EXT 2011"]
[Source "ChessBase"]
[SourceDate "2010.11.26"]
[SourceVersion "1"]
[SourceVersionDate "2010.11.26"]
[SourceQuality "1"]

1. d4 Nf6 2. Nf3 e6 3. e3 b6 4. Nbd2 Bb7 5. Bd3 d5 6. Ne5 Nbd7 7. f4 Nxe5 8. fxe5 Ne4 9. 0-0 Qe7 10. Bb5+ c6 11. Bd3 c5 12. Bb5+ Kd8 13. c3 a6 14. Bd3 c4 15. Bxe4 dxe4 16. Nxc4 Qc7 17. Nd2 g6 18. Qe2 a5 19. Qg4 h5 20. Qg3 Ba6 21. Rf2 Bd3 22. Qf4 f5 23. exf6 Qxf4 24. Rxf4 g5 25. Rxe4 Bxe4 26. Nxe4 g4 27. Bd2 Bh6 28. Rf1 Kc7 29. f7 h4 30. Rf6 Kd7 31. g3 hxg3 32. hxg3 Ke7 33. Rg6 Kxf7 34. Rxg4 Ke7 35. Kg2 Raf8 36. b3 Rf7 37. c4 Rfh7 38. c5 bxc5 39. dxc5 Bg7 40. Bxa5 Rh2+ 41. Kg1 Rh1+ 42. Kg2 R8h2+ 43. Kf3 Rf1+ 44. Nf2 Rhxf2+ 45. Ke4 Bf6 46. Rg6 Kf7 47. Rg4 Rf5 48. b4 Re5+ 49. Kd3 Rd1+ 50. Kc4 Rc1+ 51. Kb5 Rxe3 52. Bc7 Ra3 53. Kc6 Ra6+ 54. Kb5 Rxa2 55. Rf4 Kg6 56. Ba5 Rd1 57. Kc6 Be5 58. Rf8 Kg7 59. Rb8 Bxb8 0-1

[Event "Beacon Seniors op"]
[Site "Exmouth"]
[Date "2008.11.19"]
[Round "3"]
[White "Primett, Alan D"]
[Black "Cox, Reginald E"]
[Result "1-0"]
[WhiteElo "1480"]
[BlackElo "1088"]
[PlyCount "95"]
[EventDate "2008.11.17"]
[EventType "swiss"]
[EventRounds "5"]
[EventCountry "ENG"]
[SourceTitle "EXT 2011"]
[Source "ChessBase"]
[SourceDate "2010.11.26"]
[SourceVersion "1"]
[SourceVersionDate "2010.11.26"]
[SourceQuality "1"]

1. c4 e5 2. Nc3 Nf6 3. a3 Nc6 4. g3 d6 5. Bg2 Bd7 6. b4 a6 7. d3 Rb8 8. Nf3 b5 9. Nd2 Nd4 10. e3 Bc6 11. Bxc6+ Nxc6 12. cxb5 axb5 13. Qf3 Qd7 14. Bb2 Be7 15. Rc1 Rb6 16. Nd5 Nxd5 17. Qxd5 0-0 18. Nb3 Rd8 19. Nd2 Bf8 20. Nf3 Ne7 21. Qb3 h6 22. Qc2 Rc6 23. Qd2 Rxc1+ 24. Qxc1 Qc6 25. Qxc6 Nxc6 26. Kd2 f6 27. Rc1 Ne7 28. Rxc7 d5 29. Rb7 e4 30. Nd4 exd3 31. Ne6 Rc8 32. Kxd3 Ng6 33. Nxf8 Rxf8 34. Rxb5 Rd8 35. Kd4 Ne7 36. a4 Nf5+ 37. Kd3 Kf7 38. a5 g5 39. a6 Kg6 40. Rb6 Nd6 41. f3 Kf7 42. Bd4 f5 43. Bc5 Nc4 44. Rb7+ Kg8 45. a7 Ne5+ 46. Ke2 Nc6 47. b5 Na5 48. Rb8 1-0

[Event "Guernsey Holiday op"]
[Site "Guernsey"]
[Date "2008.10.19"]
[Round "1"]
[White "Cox, Reginald E"]
[Black "Gibson, John F"]
[Result "0-1"]
[WhiteElo "1088"]
[BlackElo "1584"]
[PlyCount "64"]
[EventDate "2008.10.19"]
[EventType "swiss"]
[EventRounds "7"]
[EventCountry "GCI"]
[SourceTitle "EXT 2011"]
[Source "ChessBase"]
[SourceDate "2010.11.26"]
[SourceVersion "1"]
[SourceVersionDate "2010.11.26"]
[SourceQuality "1"]

1. e4 d6 2. d4 Nf6 3. Nc3 g6 4. Nf3 Bg7 5. Be2 0-0 6. 0-0 c6 7. h3 b5 8. b4 a5 9. bxa5 b4 10. Na4 Qxa5 11. Nb2 Nxe4 12. Nc4 Qc7 13. Bb2 Ba6 14. Ncd2 Bxe2 15. Qxe2 Nxd2 16. Qxd2 c5 17. a3 Nc6 18. axb4 Nxb4 19. c3 Nc6 20. Rfe1 cxd4 21. cxd4 Qb7 22. Reb1 Rxa1 23. Rxa1 Rb8 24. Rb1 e5 25. dxe5 Nxe5 26. Qxd6 Nxf3+ 27. gxf3 Bxb2 28. Kg2 Qb6 29. Qd2 Qb4 30. Qe2 Rb6 31. Qe8+ Kg7 32. Qe5+ Bxe5 0-1

[Event "Gibraltar Amateurs op-B"]
[Site "Gibraltar"]
[Date "2008.01.31"]
[Round "5"]
[White "Cox, Reginald E"]
[Black "Hughes, Peter"]
[Result "0-1"]
[WhiteElo "1136"]
[BlackElo "1749"]
[PlyCount "100"]
[EventDate "2008.01.27"]
[EventType "tourn"]
[EventRounds "5"]
[EventCountry "ENG"]
[SourceTitle "EXT 2010"]
[Source "ChessBase"]
[SourceDate "2010.11.25"]
[SourceVersion "1"]
[SourceVersionDate "2010.11.25"]
[SourceQuality "1"]

1. e4 c5 2. Nf3 g6 3. d4 cxd4 4. Nxd4 Nc6 5. Nf3 Bg7 6. Nc3 Nf6 7. Bc4 d6 8. h3 0-0 9. 0-0 Bd7 10. Re1 Rc8 11. Bb3 a6 12. a3 b5 13. Nd5 Na5 14. Ba2 Nc4 15. Bxc4 Rxc4 16. e5 Nxd5 17. Qxd5 Bc6 18. Qd1 dxe5 19. Qxd8 Rxd8 20. c3 Bxf3 21. gxf3 f5 22. Bg5 Bf6 23. Bxf6 exf6 24. Rad1 Rcc8 25. b3 Rxd1 26. Rxd1 Rxc3 27. Rd8+ Kg7 28. Rd7+ Kh6 29. Rd6 Rxb3 30. Rxa6 Rxf3 31. Kg2 Rb3 32. Rxf6 Rxa3 33. Rb6 Rb3 34. Re6 e4 35. Re5 b4 36. Rb5 Kg5 37. Rb7 h5 38. Rb6 h4 39. Rb5 Kf4 40. Rb6 g5 41. Rb5 Rb1 42. Rb6 b3 43. Rb4 g4 44. hxg4 fxg4 45. Rb8 b2 46. Rf8+ Ke5 47. Rb8 Kd4 48. Rb4+ Kc3 49. Rb8 Rc1 50. Rc8+ Kd2 0-1

[Event "Gibraltar Amateurs op-B"]
[Site "Gibraltar"]
[Date "2008.01.29"]
[Round "3"]
[White "Cox, Reginald E"]
[Black "Feeney, James"]
[Result "1/2-1/2"]
[WhiteElo "1136"]
[BlackElo "1088"]
[PlyCount "151"]
[EventDate "2008.01.27"]
[EventType "tourn"]
[EventRounds "5"]
[EventCountry "ENG"]
[SourceTitle "EXT 2010"]
[Source "ChessBase"]
[SourceDate "2010.11.25"]
[SourceVersion "1"]
[SourceVersionDate "2010.11.25"]
[SourceQuality "1"]

1. e4 e5 2. Nf3 Nc6 3. Bb5 a6 4. Ba4 Nf6 5. d3 d6 6. h3 Be7 7. 0-0 0-0 8. Re1 b5 9. Bb3 Be6 10. c3 Bxb3 11. axb3 Qd7 12. d4 h6 13. d5 Nd8 14. Bd2 c6 15. c4 cxd5 16. cxd5 Nb7 17. b4 Nh7 18. Nc3 Ng5 19. Nxg5 Bxg5 20. Bxg5 hxg5 21. Qh5 f6 22. Ne2 Qf7 23. Qxf7+ Rxf7 24. Ng3 g6 25. Rec1 a5 26. bxa5 Rxa5 27. b4 Ra4 28. Rxa4 bxa4 29. Rc8+ Kg7 30. Ra8 Nd8 31. Rxa4 Rc7 32. Kh2 Rc4 33. Ra7+ Nf7 34. b5 Rb4 35. Rb7 Kf8 36. f3 Ke8 37. Ne2 Nd8 38. Rb6 Kd7 39. Nc1 Kc7 40. Nd3 Rb3 41. Nc1 Rb1 42. Ra6 Rxc1 43. Ra8 Rb1 44. Ra7+ Kb8 45. Rd7 Nb7 46. Rg7 Rxb5 47. Rxg6 Nc5 48. Rxf6 Kc7 49. Rf5 Rb8 50. Rxg5 Rf8 51. h4 Nd3 52. Rg7+ Kd8 53. Rg6 Ke7 54. Re6+ Kd7 55. Rg6 Rf7 56. h5 Nf4 57. Rg5 Rh7 58. g4 Ke7 59. Rf5 Ne2 60. Kg2 Rh6 61. Kh3 Nd4 62. Rg5 Nxf3 63. Rf5 Nd4 64. Rf2 Nb5 65. Rc2 Rf6 66. Kh4 Rf4 67. Rb2 Nc3 68. Rb7+ Kd8 69. h6 Rf1 70. Kg5 Nxe4+ 71. Kg6 Rf6+ 72. Kg7 Rf4 73. Rb8+ Ke7 74. Rb7+ Ke8 75. Rb8+ Ke7 76. Rb7+ 1/2-1/2

[Event "Gibraltar Amateurs op-A"]
[Site "Gibraltar"]
[Date "2008.01.26"]
[Round "5"]
[White "Garcia, Mario"]
[Black "Cox, Reginald E"]
[Result "1-0"]
[WhiteElo "1663"]
[BlackElo "1136"]
[PlyCount "107"]
[EventDate "2008.01.22"]
[EventType "tourn"]
[EventRounds "5"]
[EventCountry "ENG"]
[SourceTitle "EXT 2010"]
[Source "ChessBase"]
[SourceDate "2010.11.25"]
[SourceVersion "1"]
[SourceVersionDate "2010.11.25"]
[SourceQuality "1"]

1. e4 e5 2. Nf3 d6 3. Bc4 Bg4 4. d4 Nf6 5. dxe5 Nxe4 6. Qd5 Be6 7. Qxe4 d5 8. Bb5+ c6 9. Qa4 cxb5 10. Qxb5+ Nc6 11. c3 Qd7 12. Qe2 Bg4 13. Bf4 Qf5 14. Qe3 Qe4 15. Qxe4 dxe4 16. Nd4 Nxd4 17. cxd4 Bb4+ 18. Nc3 0-0 19. 0-0 Bxc3 20. bxc3 Be2 21. Rfe1 Bd3 22. Bd2 f5 23. exf6 Rxf6 24. Be3 Raf8 25. d5 a6 26. Bd4 Rf5 27. Re3 Rxd5 28. f3 Re8 29. Rae1 Rb5 30. Rxd3 exd3 31. Rxe8+ Kf7 32. Re1 Rb2 33. Rd1 d2 34. Be3 Rxa2 35. Rxd2 Ra3 36. Bd4 g6 37. Kf2 b5 38. Rb2 Ke6 39. Ke2 Kd6 40. Ke3 Kd5 41. f4 Ra1 42. Kd3 Re1 43. Re2 Rxe2 44. Kxe2 Kc4 45. Be5 Kb3 46. Kd2 a5 47. Kc1 a4 48. Kb1 a3 49. g4 a2+ 50. Ka1 b4 51. cxb4 Kxb4 52. f5 gxf5 53. gxf5 Kc5 54. f6 1-0

[Event "Gibraltar Amateurs op-A"]
[Site "Gibraltar"]
[Date "2008.01.24"]
[Round "3"]
[White "Mossiaguine, Anastasia"]
[Black "Cox, Reginald E"]
[Result "0-1"]
[WhiteElo "1443"]
[BlackElo "1136"]
[PlyCount "112"]
[EventDate "2008.01.22"]
[EventType "tourn"]
[EventRounds "5"]
[EventCountry "ENG"]
[SourceTitle "EXT 2010"]
[Source "ChessBase"]
[SourceDate "2010.11.25"]
[SourceVersion "1"]
[SourceVersionDate "2010.11.25"]
[SourceQuality "1"]

1. e4 d6 2. Nf3 Nf6 3. Nc3 e5 4. Bc4 Be7 5. 0-0 0-0 6. d3 h6 7. Qe2 Bg4 8. h3 Bh5 9. Be3 c6 10. a3 b5 11. Bb3 a5 12. d4 exd4 13. Bxd4 a4 14. Ba2 Nbd7 15. b3 axb3 16. Bxb3 Re8 17. Rfe1 Nh7 18. Qf1 Bxf3 19. gxf3 Bf6 20. Bxf6 Qxf6 21. Ne2 Qxf3 22. Qg2 Qxg2+ 23. Kxg2 Nc5 24. Nc3 Nxb3 25. cxb3 Ng5 26. Kh2 Nf3+ 27. Kg2 Nxe1+ 28. Rxe1 Rxa3 29. Nd1 Rxb3 30. f3 Rb1 31. h4 b4 32. Kf2 c5 33. f4 b3 34. Nc3 Rxe1 35. Kxe1 Rb8 36. Kd2 c4 37. e5 dxe5 38. fxe5 Rd8+ 39. Kc1 Rd3 40. Kb2 Rh3 41. e6 fxe6 42. h5 Rxh5 43. Ka3 g5 44. Kb2 g4 45. Ne4 Rh2+ 46. Ka3 Kf8 47. Nf6 g3 48. Ng4 Ra2+ 49. Kb4 b2 50. Kxc4 b1Q 51. Ne3 g2 52. Kd4 g1Q 53. Kc5 Qxe3+ 54. Kd6 Qed3+ 55. Kc7 Qc1+ 56. Kb8 Qb5# 0-1

[Event "Gibraltar Amateurs op-A"]
[Site "Gibraltar"]
[Date "2008.01.22"]
[Round "1"]
[White "Cox, Reginald E"]
[Black "Wright, Jonathan"]
[Result "0-1"]
[WhiteElo "1136"]
[BlackElo "1776"]
[PlyCount "56"]
[EventDate "2008.01.22"]
[EventType "tourn"]
[EventRounds "5"]
[EventCountry "ENG"]
[SourceTitle "EXT 2010"]
[Source "ChessBase"]
[SourceDate "2010.11.25"]
[SourceVersion "1"]
[SourceVersionDate "2010.11.25"]
[SourceQuality "1"]

1. e4 c6 2. Nf3 d5 3. exd5 cxd5 4. d4 Nf6 5. Nc3 Nc6 6. Be2 g6 7. 0-0 Bg7 8. Bf4 a6 9. Re1 0-0 10. h3 Bf5 11. a3 Rc8 12. Bd3 Be6 13. Qd2 b5 14. b4 Qb6 15. Bf1 Bf5 16. Rad1 Rfd8 17. Nh4 Ne4 18. Nxe4 Bxe4 19. c3 e5 20. Bxe5 Nxe5 21. dxe5 Bxe5 22. Qe3 Qf6 23. Nf3 Rxc3 24. Qg5 Bxf3 25. Qxf6 Bxf6 26. gxf3 Rxa3 27. Re3 Ra2 28. Ra3 Rxa3 0-1

[Event "Guernsey Holiday op 33rd"]
[Site "Guernsey"]
[Date "2007.10.27"]
[Round "7"]
[White "Cox, Reginald E"]
[Black "Carrick, Peter"]
[Result "1/2-1/2"]
[WhiteElo "1136"]
[BlackElo "1304"]
[PlyCount "121"]
[EventDate "2007.10.21"]
[EventType "swiss"]
[EventRounds "7"]
[EventCountry "GCI"]
[SourceTitle "EXT 2022"]
[Source "ChessBase"]
[SourceDate "2021.10.06"]
[SourceVersion "1"]
[SourceVersionDate "2021.10.06"]
[SourceQuality "1"]

1. Nf3 d5 2. d4 e6 3. Nc3 Nf6 4. Bd2 a6 5. e3 Bd6 6. Bd3 Nbd7 7. 0-0 c5 8. dxc5 Nxc5 9. Re1 e5 10. e4 Nxd3 11. cxd3 d4 12. Ne2 0-0 13. h3 Be6 14. b3 Rc8 15. Rc1 Qb6 16. Bg5 Qd8 17. Rxc8 Bxc8 18. Qc1 Re8 19. Bxf6 Qxf6 20. Qg5 Qxg5 21. Nxg5 f6 22. Nf3 f5 23. exf5 Bxf5 24. Nexd4 Bxd3 25. Rd1 Be4 26. Ne2 Bxf3 27. gxf3 Rd8 28. Kg2 Kf7 29. Ng3 g6 30. Ne4 Ke7 31. Ng5 h6 32. Ne4 Bc7 33. Rxd8 Kxd8 34. Nc5 Kc8 35. Ne6 Kb8 36. h4 g5 37. hxg5 hxg5 38. Nxg5 Kc8 39. Kh3 Kd7 40. Kg4 Kd6 41. Kf5 Kd5 42. Ne4 Bb6 43. Nf6+ Kd6 44. Ne4+ Kd5 45. f4 Bc7 46. Nf6+ Kd4 47. fxe5 Bxe5 48. f4 Bxf4 49. Kxf4 Kc3 50. Nd5+ Kb2 51. b4 Kxa2 52. Ke4 Kb3 53. Kd4 b6 54. Kd3 a5 55. b5 a4 56. Nc3 Kb4 57. Kd4 a3 58. Kd5 a2 59. Nxa2+ Kxb5 60. Nc3+ Kb4 61. Kc6 1/2-1/2

[Event "Guernsey Holiday op 33rd"]
[Site "Guernsey"]
[Date "2007.10.26"]
[Round "6"]
[White "Lowe, Greg"]
[Black "Cox, Reginald E"]
[Result "1/2-1/2"]
[WhiteElo "1364"]
[BlackElo "1136"]
[PlyCount "132"]
[EventDate "2007.10.21"]
[EventType "swiss"]
[EventRounds "7"]
[EventCountry "GCI"]
[SourceTitle "EXT 2022"]
[Source "ChessBase"]
[SourceDate "2021.10.06"]
[SourceVersion "1"]
[SourceVersionDate "2021.10.06"]
[SourceQuality "1"]

1. e4 d6 2. d4 Nf6 3. Nc3 Nbd7 4. Nf3 e5 5. Bc4 h6 6. Be3 Be7 7. Qd2 Ng4 8. d5 Nxe3 9. Qxe3 Bg5 10. Nxg5 Qxg5 11. Qxg5 hxg5 12. 0-0-0 Nc5 13. f3 a6 14. g3 Bd7 15. h4 gxh4 16. Rxh4 0-0-0 17. Rdh1 Rxh4 18. Rxh4 b5 19. Bf1 b4 20. Ne2 a5 21. Bh3 Bxh3 22. Rxh3 a4 23. b3 Kb7 24. Rh7 Rg8 25. g4 f6 26. Ng3 axb3 27. axb3 g6 28. Rf7 Rh8 29. Rxf6 Rh3 30. Ne2 Rh1+ 31. Kd2 Rf1 32. Nc1 Nxe4+ 33. Ke2 Rxc1 34. fxe4 Rxc2+ 35. Kd3 Rc3+ 36. Kd2 Rxb3 37. Kc2 Re3 38. Rxg6 Rxe4 39. Kb3 Rf4 40. g5 Rg4 41. Rg7 e4 42. Re7 Rg3+ 43. Kxb4 e3 44. g6 Rg4+ 45. Kc3 Rg3 46. g7 e2+ 47. Kd2 e1Q+ 48. Kxe1 Rg5 49. Kf2 Kb6 50. Ke3 Rg3+ 51. Kf4 Rg1 52. Kf5 Rf1+ 53. Kg6 Rg1+ 54. Kf7 Rf1+ 55. Ke8 Rg1 56. Rf7 Kc5 57. Rxc7+ Kxd5 58. Rf7 Ke6 59. Kf8 d5 60. g8Q Rxg8+ 61. Kxg8 d4 62. Rf1 Kd5 63. Kf7 d3 64. Kf6 Kc4 65. Rc1+ Kb3 66. Ke5 d2 1/2-1/2

[Event "Guernsey Holiday op 33rd"]
[Site "Guernsey"]
[Date "2007.10.24"]
[Round "4"]
[White "Cox, Reginald E"]
[Black "Nalichowski, Bogdan"]
[Result "0-1"]
[WhiteElo "1136"]
[BlackElo "1458"]
[PlyCount "146"]
[EventDate "2007.10.21"]
[EventType "swiss"]
[EventRounds "7"]
[EventCountry "GCI"]
[SourceTitle "EXT 2022"]
[Source "ChessBase"]
[SourceDate "2021.10.06"]
[SourceVersion "1"]
[SourceVersionDate "2021.10.06"]
[SourceQuality "1"]

1. Nf3 Nc6 2. e4 e5 3. Bb5 Nd4 4. Nxd4 exd4 5. d3 Qe7 6. Bc4 Nf6 7. Bg5 h6 8. Bh4 Qb4+ 9. Nd2 Be7 10. Bxf6 Bxf6 11. Rb1 Bg5 12. a3 Qa5 13. Qe2 0-0 14. Rd1 c6 15. 0-0 Qb6 16. Bb3 d6 17. Nf3 Bf6 18. Rfe1 Bg4 19. h3 Bh5 20. g4 Bg6 21. Qd2 a5 22. a4 Qd8 23. e5 dxe5 24. Nxe5 Kh7 25. Nxg6 fxg6 26. Re6 Bg5 27. Qe2 Bf4 28. f3 Qh4 29. Qg2 Be3+ 30. Kf1 Rf4 31. Re4 Rf6 32. Ke2 Raf8 33. Rf1 b5 34. g5 Qxg5 35. Qxg5 hxg5 36. axb5 cxb5 37. h4 g4 38. Rxg4 a4 39. Bd5 b4 40. Rh1 a3 41. bxa3 bxa3 42. Ra1 Re8 43. Be4 Rc8 44. Ra2 Rb8 45. h5 Rb2 46. hxg6+ Kh8 47. Rh4+ Bh6 48. Rxb2 axb2 49. Rh1 Ra6 50. Rb1 Bc1 51. f4 Ra5 52. f5 Kg8 53. Kf3 Ra1 54. Bd5+ Kf8 55. Rxb2 Bxb2 56. Ke4 Ke7 57. Bf7 Kf6 58. Kd5 Rc1 59. Be6 Rxc2 60. Ke4 Rc5 61. Bd5 Rc1 62. Kf3 Rf1+ 63. Ke2 Rxf5 64. Be4 Re5 65. Kf3 Kg5 66. Kg3 Rxe4 67. dxe4 d3 68. Kf2 Kf4 69. e5 Bxe5 70. Ke1 Bc3+ 71. Kd1 Ke3 72. Kc1 Ke2 73. Kb1 d2 0-1

[Event "Beacon Seniors op"]
[Site "Exmouth"]
[Date "2006.11.14"]
[Round "2"]
[White "Cox, Reginald E"]
[Black "Hurn, Robert AJ"]
[Result "1/2-1/2"]
[WhiteElo "1088"]
[BlackElo "1568"]
[PlyCount "110"]
[EventDate "2006.11.13"]
[EventType "swiss"]
[EventRounds "5"]
[EventCountry "ENG"]
[SourceTitle "EXT 2008"]
[Source "ChessBase"]
[SourceDate "2007.11.25"]
[SourceVersion "1"]
[SourceVersionDate "2007.11.25"]
[SourceQuality "1"]

1. Nf3 Nf6 2. d3 d6 3. e4 e5 4. Nbd2 g6 5. g3 Bg7 6. Bg2 0-0 7. 0-0 Nc6 8. c3 Nh5 9. Re1 Bg4 10. h3 Bd7 11. Nh2 Qc8 12. h4 Be6 13. b4 a6 14. Ndf1 Qe8 15. Bd2 f5 16. exf5 gxf5 17. Bf3 Nf6 18. h5 h6 19. Qc1 Kh7 20. a4 Rd8 21. Qd1 Rg8 22. b5 Na5 23. c4 Nxc4 24. dxc4 e4 25. Be2 Bf7 26. bxa6 bxa6 27. Rb1 Nxh5 28. Ne3 f4 29. Neg4 fxg3 30. fxg3 Nxg3 31. Rb3 Nxe2+ 32. Qxe2 Bd4+ 33. Be3 Qe5 34. Kh1 Qc5 35. Nf6+ Kh8 36. Nxg8 Rxg8 37. Rf1 Bxc4 38. Bxd4+ Qxd4 39. Qb2 Qxb2 40. Rxb2 Bxf1 41. Nxf1 d5 42. Rc2 Rc8 43. Rc6 Kg7 44. Rxa6 c5 45. Ne3 d4 46. Nf5+ Kf8 47. Rf6+ Kg8 48. Rxh6 Ra8 49. Rc6 Rxa4 50. Rc8+ Kh7 51. Rxc5 d3 52. Ne3 Rd4 53. Rc1 Kg6 54. Kg2 Kg5 55. Kf2 Kf4 1/2-1/2